000 00433nam a2200181Ia 4500
001 22665
005 20260414150846.0
008 260414t2014||||xx |||||||||||||| ||spa||
041 _aESP
082 _a621.384
_bB45
100 _aBerdasco Gancedo, Yolanda
_eAUT
245 0 _aComunicación radiofónica
_b
260 _c2014
300 _a277 páginas :
_c24 cm.
650 _aTCA
654 _aCET
942 _cLIB
_dJUS
_fJUS
_2ddc
_n
999 _c22665
_d22665